| 000 | 00450pab a2200169 454500 | ||
|---|---|---|---|
| 008 | 180718b2015 xxu||||| |||| 00| 0 eng d | ||
| 100 | _aMoitra, Sukalyan | ||
| 245 | _aE-governance and rural development in India | ||
| 260 | _c2015 | ||
| 300 | _ap.108-111. | ||
| 362 | _aJan-Jun & Jul-Dec | ||
| 650 | _aE governance - India | ||
| 650 | _aRural development - India | ||
| 650 | _aE governance | ||
| 773 | _aReview of Politics | ||
| 909 | _a115869 | ||
| 999 |
_c115863 _d115863 |
||